书目信息 |
| 题名: |
行走北京中轴线
|
|
| 作者: | 刘晓涛 , 魏敏 著 | |
| 分册: | ||
| 出版信息: | 北京 五洲传播出版社 2025.01 |
|
| 页数: | 203页 | |
| 开本: | 23cm | |
| 丛书名: | ||
| 单 册: | ||
| 中图分类: | TU984.21 | |
| 科图分类: | ||
| 主题词: | 城市规划--cheng shi gui hua--北京--普及读物 | |
| 电子资源: | ||
| ISBN: | 978-7-5085-5281-1 | |
| 000 | 01558nam0 2200265 450 | |
| 001 | 94478 | |
| 005 | 20250820153533.53 | |
| 010 | @a978-7-5085-5281-1@dCNY68.00 | |
| 100 | @a20250113d2025 em y0chiy50 ea | |
| 101 | 0 | @achi |
| 102 | @aCN@b110000 | |
| 105 | @aab z 000yy | |
| 106 | @ar | |
| 200 | 1 | @a行走北京中轴线@Axing zou bei jing zhong zhou xian@d= Walking along the central axis of Beijing@f刘晓涛, 魏敏著@zeng |
| 210 | @a北京@c五洲传播出版社@d2025.01 | |
| 215 | @a203页@c彩图, 地图@d23cm | |
| 314 | @a刘晓涛, 毕业于北京大学公共卫生学院, 现就职北京市顺义区疾病预防控制中心, 任北京市顺义区人大代表, 致力于文物保护和历史传承, 对北京历史文化有深入研究, 提出过多项文物古迹和传统文化保护建议。魏敏, 毕业于中山大学政治与公共事务管理学院, 爱好旅行、摄影、记录人文古迹, 足迹遍布全国及世界各地, 撰写的图文作品刊登于多家人文地理类杂志和网站。作为土生土长的北京人, 对中轴线有着浓厚兴趣并致力于研究和保护。 | |
| 330 | @a本书突破了申报世界遗产的“7.8公里、15处遗产点”限制, 展示它们背后的故事和现状, 并扩充到南北延长线……从北京中轴线上的历史建筑、人和事、风景风貌三个角度进行介绍, 探索背后的人文内涵, 理解中轴线的历史脉络, 为漫步中轴线提供一份详细的攻略。本书内容包括: 看美学至臻, 中轴线上的建筑群 ; 听逸闻趣事, 中轴线上的人和事 ; 赏良辰美景, 中轴线上的风景。 | |
| 510 | 1 | @aWalking along the central axis of Beijing@zeng |
| 606 | 0 | @a城市规划@Acheng shi gui hua@y北京@j普及读物 |
| 690 | @aTU984.21@v5 | |
| 701 | 0 | @a刘晓涛@Aliu xiao tao@4著 |
| 701 | 0 | @a魏敏@Awei min@4著 |
| 801 | 0 | @aCN@c20250909 |
| 905 | @a河南城建学院图书馆@dTU984.21@eL690@f3 | |
| 行走北京中轴线= Walking along the central axis of Beijing/刘晓涛, 魏敏著.-北京:五洲传播出版社,2025.01 |
| 203页:彩图, 地图;23cm |
| ISBN 978-7-5085-5281-1:CNY68.00 |
| 本书突破了申报世界遗产的“7.8公里、15处遗产点”限制, 展示它们背后的故事和现状, 并扩充到南北延长线……从北京中轴线上的历史建筑、人和事、风景风貌三个角度进行介绍, 探索背后的人文内涵, 理解中轴线的历史脉络, 为漫步中轴线提供一份详细的攻略。本书内容包括: 看美学至臻, 中轴线上的建筑群 ; 听逸闻趣事, 中轴线上的人和事 ; 赏良辰美景, 中轴线上的风景。 |
| ● |
| 相关链接 |
|
|
|
正题名:行走北京中轴线
索取号:TU984.21/L690
 
预约/预借
| 序号 | 登录号 | 条形码 | 馆藏地/架位号 | 状态 | 备注 |
| 1 | 1628610 | 216286105 | 建筑库201/201建筑库 65排7列2层/ [索取号:TU984.21/L690] | 在馆 | |
| 2 | 1628611 | 216286114 | 建筑库201/201建筑库 65排7列2层/ [索取号:TU984.21/L690] | 在馆 | |
| 3 | 1628612 | 216286123 | 建筑库201/201建筑库 65排7列2层/ [索取号:TU984.21/L690] | 在馆 |